01134nam a22002537a 4500003000200000005001700002020001800019082001500037100002900052100001500081100001600096245003400112250001200146260004100158300000800199520040500207600002600612650004700638650003900685650003200724942000600756952009900762999001900861020260402130735.0 a9789380558141 aCS 934 VIV aVivek Kumar Singh918743 cIAS918744 a1989918745 aArchaeological atlas of Bihar a2nd ed. aPatnabStudy Today Publicationc2024 a391 aThis book is an attempt to decipher a supremely rich but at the same time a complex cultural heritage of Bihar. Its panoramic canvas opens a whole new vista of the archaeology, history and geography of Bihar with an unprecedented clarity. While it banks on the most updated and reliable archaeological and geographical database covering 5,000 years of the state's human history, a concise narrativ... cCivil Services918746 aArchaeology - India - Encyclopedias918747 aBihar (India) - Antiquities918748 aBihar (India) - Maps918749 cB 00104070aLBSNAAbLBSNAAd2026-04-02l0oCS 934 VIVp173414r2026-04-02w2026-04-02yB0x2 c360710d360710